Normal view
MARC view
Entry Personal Name
001 - CONTROL NUMBER
- control field: 43452
003 - CONTROL NUMBER IDENTIFIER
- control field: ARRUPE
005 - DATE AND TIME OF LATEST TRANSACTION
- control field: 20181114122525.0
008 - FIXED-LENGTH DATA ELEMENTS
- fixed length control field: 181114|| aca||aabn | a|a d
040 ## - CATALOGING SOURCE
- Original cataloging agency: ARRUPE
- Transcribing agency: ARRUPE
100 ## - HEADING--PERSONAL NAME
- Personal name: Kelly, Michael J. (ed.)
670 ## - SOURCE DATA FOUND
- Source citation: Work cat.: (ARRUPE): Kelly, Michael J. (ed.), Education and development:, 1995